01725nam a2200373 a 4500001001200000003000800012006001900020007001500039008004100054010001700095020002000112040002100132035002000153041001300173050002100186082001200207110008400219245023100303260006400534300002600598500017100624504005100795533015200846650003100998650004001029650002501069655002901094700002201123700002101145700002501166710001701191856012601208999001701334ebr10062678CaPaEBRm u cr cn|||||||||020530s2002 enka sb 101 0 eng  z 2002073445 z0521803853 (hb) aCaPaEBRcCaPaEBR a(OCoLC)563201960 aengamul14aP117b.T4 2000eb04a4192212 aTexas Linguistics Society.bConferenced(2000 :cUniversity of Texas at Austin)10aModality and structure in signed and spoken languagesh[electronic resource] /cedited by Richard P. Meier, Kearsy Cormier, and David Quinto-Pozos ; with the assistance of Adrianne Cheek, Heather Knapp, and Christian Rathmann. aCambridge ;aNew York :bCambridge University Press,c2002. axviii, 480 p. :bill. aSelected rev. papers of a conference, one of an annual series sponsored by the Texas Linguistics Society, held Feb. 25-27, 2000, at the University of Texas at Austin. aIncludes bibliographical references and index. aElectronic reproduction.bPalo Alto, Calif. :cebrary,d2013.nAvailable via World Wide Web.nAccess may be limited to ebrary affiliated libraries. 0aSign languagevCongresses. 0aModality (Linguistics)vCongresses. 0aGesturevCongresses. 7aElectronic books.2local1 aMeier, Richard P.1 aCormier, Kearsy.1 aQuinto-Pozos, David.2 aebrary, Inc.40uhttp://site.ebrary.com/lib/rucke/Doc?id=10062678zAn electronic book accessible through the World Wide Web; click to view c47073d47073